=LDR 00000nam 2200000 4500 =001 INLIS000000000048528 =005 20161114113531.0 =006 =007 =008 =020 ##$$a979-526-057-x =035 ##$$0010-111600000000107 =082 ##$$a371.2 =090 ##$$a371.2 Roh =100 ##$$aAHMAD ROHADI =245 ##$$aPEDOMAN PENYE.ADM. PENDD. SEKOLAH =260 ##$$a jAKARTA $b BUMI8 AKSARA $c 1991 =300 ##$$aIX; 225 hlm; 212 cm =850 ##$$a nbpnmat